|
|
|
|
| LEADER |
00000nam0a2200000 4500 |
| 001 |
265351 |
| 005 |
20231101233919.0 |
| 020 |
|
|
|a RU
|b 86-76025
|
| 035 |
|
|
|a (RuTPU)RU\TPU\book\288352
|
| 090 |
|
|
|a 265351
|
| 100 |
|
|
|a 20140625d1986 k a0rusy5003 ca
|
| 101 |
0 |
|
|a rus
|
| 102 |
|
|
|a RU
|
| 105 |
|
|
|a y z 000zy
|
| 200 |
1 |
|
|a Долгосрочное социально-экономическое планирование
|f ЛГУ им. А. А. Жданова ; Ленинградский государственный университет (ЛГУ) ; Г. С. Бурдуладзе, Н. А. Моисеенко
|
| 210 |
|
|
|a Ленинград
|c Изд-во ЛГУ
|d 1986
|
| 215 |
|
|
|a 165 с.
|
| 300 |
|
|
|a Авт. указаны на 7-й с.
|
| 606 |
1 |
|
|a Долгосрочное планирование
|2 stltpush
|3 (RuTPU)RU\TPU\subj\36107
|9 57602
|
| 610 |
1 |
|
|a экономическое развитие
|
| 610 |
1 |
|
|a социальное развитие
|
| 610 |
1 |
|
|a долгосрочные перспективы
|
| 610 |
1 |
|
|a долгосрочный период
|
| 610 |
1 |
|
|a планы
|
| 610 |
1 |
|
|a административное районирование
|
| 686 |
|
|
|a У9(2)230.4
|2 rubbk
|
| 702 |
|
1 |
|a Бурдуладзе
|b Г. С.
|4 070
|
| 702 |
|
1 |
|a Моисеенко
|b Н. А.
|g Николай Андреевич
|4 340
|
| 712 |
0 |
2 |
|a Ленинградский государственный университет (ЛГУ)
|c (1924-1991)
|2 stltpush
|3 (RuTPU)RU\TPU\col\77
|
| 801 |
|
0 |
|a RU
|b RuMRKP
|c 19950704
|g psbo
|
| 801 |
|
1 |
|a RU
|b 63413507
|c 20140625
|
| 801 |
|
2 |
|a RU
|b 63413507
|c 20150918
|g RCR
|
| 942 |
|
|
|c BK
|